Town and country planning (Record no. 66452)

MARC details
000 -LEADER
fixed length control field 01603cam a2200265 4500
001 - CONTROL NUMBER
control field WB3712-27
008 - FIXED-LENGTH DATA ELEMENTS--GENERAL INFORMATION
fixed length control field 000000n2001 000 0 eng u
035 ## - SYSTEM CONTROL NUMBER
System control number (Sirsi) u111512
245 ## - TITLE STATEMENT
Title Town and country planning
260 ## - PUBLICATION, DISTRIBUTION, ETC.
Date of publication, distribution, etc. 2001
490 ## - SERIES STATEMENT
Series statement Estates Gazette Case Summaries
Volume/sequential designation [2001] EGCS 32(1) (17/03/01)
520 ## - SUMMARY, ETC.
Summary, etc. "R v Lichfield DC and another ex p Lichfield Securities Ltd" CA 8 March 2001. The applicant, LS, obtained planning permission from LDC in 1996 to develop a part of Lichfield airfield knowing that the respondent W had also applied for permission to erect a food-processing unit and ancillary works on part of the same land. LDC granted planning permission for development of the food-processing unit and entered into a s106 agreement with LSS. W sought judicial review contending LDC had unfairly entered into the 106 agreement without allowing them make representations. The judge found that W could make further representation to LDC but refused relief on the grounds that the applicant's challenge to LDC's decision had not been made fast enough within the provisions of Ord 531 4(1).
590 ## - LOCAL NOTE (RLIN)
Local note WB
600 ## - SUBJECT ADDED ENTRY--PERSONAL NAME
Personal name R V LICHFIELD DC EX PARTE LICHFIELD SECURITIES LTD
650 ## - SUBJECT ADDED ENTRY--TOPICAL TERM
Topical term or geographic name entry element TOWN AND COUNTRY PLANNING ACT 1990 S106
650 ## - SUBJECT ADDED ENTRY--TOPICAL TERM
Topical term or geographic name entry element TOWN AND COUNTRY PLANNING ACT 1990 S106
650 ## - SUBJECT ADDED ENTRY--TOPICAL TERM
Topical term or geographic name entry element PLANNING PERMISSION
650 ## - SUBJECT ADDED ENTRY--TOPICAL TERM
Topical term or geographic name entry element NEW DEVELOPMENT
650 ## - SUBJECT ADDED ENTRY--TOPICAL TERM
Topical term or geographic name entry element ROAD LINKS
650 ## - SUBJECT ADDED ENTRY--TOPICAL TERM
Topical term or geographic name entry element TRANSPORT
650 ## - SUBJECT ADDED ENTRY--TOPICAL TERM
Topical term or geographic name entry element PLANNING APPLICATIONS
650 ## - SUBJECT ADDED ENTRY--TOPICAL TERM
Topical term or geographic name entry element R V LICHFIELD DC AND ANOTHER EX P LICHFIELD SECURITIES LTD
690 ## - LOCAL SUBJECT ADDED ENTRY--TOPICAL TERM (OCLC, RLIN)
Topical term or geographic name as entry element Planning and development
9 (RLIN) 6259
942 ## - ADDED ENTRY ELEMENTS (KOHA)
Suppress in OPAC 0
Holdings
Withdrawn status Lost status Source of classification or shelving scheme Damaged status Not for loan Home library Current library Shelving location Date acquired Total Checkouts Full call number Barcode Date last seen Copy number Price effective from Koha item type
    Dewey Decimal Classification     London London News article 22/03/2001   WB3712-27 111512-1001 06/08/2019 1 06/08/2019 Law report